Statistiques concernant Meilleurs sons de PNL

Cliquez ici pour prendre le quiz!

Statistiques générales

  • Ce quiz a été pris 2 432 fois
    (183 depuis la dernière actualisation)
  • Le résultat moyen est 10 sur 15

Statistiques - réponses

RangTitresStreams% Correct
1Au DD210,5M
97%
2Onizuka192,9M
83%
3Deux frères165,6M
79%
9Da117,5M
78%
4Bené155,6M
75%
8Jusqu'au dernier gramme123,8M
72%
7Naha125,8M
72%
6A l'ammoniaque131,7M
69%
14Le monde ou rien88,9M
66%
12Blanka98,4M
57%
1091's108,0M
54%
11La misère est si belle104,2M
53%
13Uranus94,5M
45%
15MOWGLI II83,6M
41%
5J'comprends pas136,6M
40%

Distribution des résultats

Percentile par nombre de réponses

% des personnes avec chaque résultat

Votre développement - résultats

Vous n’avez pas pris ce quiz depuis la dernière actualisation